Responses for show #5940 - Friday, June 11, 2010

Contestants

Jennifer Roberson, a U.S. Fire Administration program manager from Ashburn, Virginia

Ken Eberle, a quality control technician from Aston, Pennsylvania

Marty Scott, an assistant district attorney from Forney, Texas (whose 1-day cash winnings total $18,801)

Jeopardy! Round responses

COUSTEAU
(Alex: ...on the 100th anniversary of his birth date.)
FACTS & FIGURES
COOKING VERBS
LEAD OR NO LEAD
MILITARY FIRSTS
"LAST" CHANCE
    $200 24
wind

Jennifer
    $200 1
Bo Derek

Marty
    $200 6
boil

Marty
    $200 19
gasoline

Marty
    $200 14
(Ken: Who is, uh, Caesar?)
(Alex: Which one?)

Julius Caesar

Ken
    $200 11
The Last of the Mohicans

Jennifer
    $400 25
Easter Island

Jennifer
    $400 2
(Jennifer: Who is Sophia Loren?)

Raquel Welch

KenJennifer
    $400 7
deep fry

Marty
    $400 21
paint

Ken
    $400 15
(Jennifer: What is the Medal of Honor?)
(Ken: What is the Bronze Star?)

the Purple Heart

KenJennifer
Triple Stumper
    $400 12
the last resort

Ken
    $600 26
gills

Marty
    $600 3
Dorothy Dandridge

Jennifer
    $600 8
filet

Marty
    $600 23
graphite

Jennifer
    $600 16
Nuremberg

Ken
    $600 13
"Free at last"

Ken
    $800 29
the aqua lung

Marty
    $800 4
Jayne Mansfield

Triple Stumper
    $800 9
bake

Triple Stumper
    $800 27
Intel

Jennifer
    $2,800 17
(Ken: Who are... the Knights... of Malta?)
...
(Alex: If you have visited the Vatican, you would have seen [*] in their colorful uniforms.)

the Swiss Guards

Ken
    $800 20
the last hurrah

Triple Stumper
    $1000 30
Mexico

Triple Stumper
    $1000 5
Ursula Andress

Jennifer
    $1000 10
to caramelize

Ken
    $1000 28
pewter

Ken
    $1000 18
a submarine

Jennifer
    $1000 22
(Ken: What is "The Last State"?)

"The Last Frontier"

MartyKen

Scores at the first commercial break (after clue 15):

Marty Ken Jennifer
$1,400 $2,200 $1,000

Scores at the end of the Jeopardy! Round:

Marty Ken Jennifer
$4,000 $400 $4,000

Double Jeopardy! Round responses

ON THE MAP
LYRICAL POSTAL ABBREVIATIONS
(Alex: We want you to give the full name of the state whose abbreviation will fill in the blank in each clue.)
LET ME PAINT YOU A PICTURE
BRAND "O"
LITERARY BROTHERS
DROP A LETTER
    $400 11
Nepal

Ken
    $400 1
Louisiana (for La)

Marty
    $400 26
Picasso

Marty
    $400 6
Off!

Marty
    $400 21
The Brothers Karamazov

Ken
    $400 16
coma (from comma)

Ken
    $800 12
(Marty: What's the United Arab Emirates?)

the Horn of Africa

MartyJennifer
    $800 2
Maryland (for M.D.)

Jennifer
    $800 27
(Alex: Canaletto--[*]. Canals of [*].)

Venice

Triple Stumper
    $800 7
Ore-Ida

Ken
    $800 22
the Brothers Grimm

Jennifer
    $800 17
liable (from pliable)

Marty
    $1200 13
Prince Edward Island

Ken
    $1200 3
Indiana (for In)

Ken
    $1200 28
Jacques-Louis David

Triple Stumper
    $1200 8
Oldsmobile

Marty
    $1200 23
Kitty Hawk

Marty
    $2,000 18
topic (from tropic)

Marty
    $1600 14
Jamaica

Ken
    $1600 4
Georgia (for ga ga)

Ken
    $1600 29
(Edward) Hopper

Marty
    $1600 9
Oster

Jennifer
    $1600 24
(Alex: Who is [*]? Been awhile since you'd read it, obviously.)

Holden Caulfield

Triple Stumper
    $1600 19
roll (from droll)

Triple Stumper
    $2,000 15
(Alex: [*], yes, [*], Uruguay.)

Montevideo

Ken
    $2000 5
Massachusetts (for Ma)

Marty
    $2000 30
Jan Vermeer

Triple Stumper
    $2000 10
Olympus

Jennifer
    $2000 25
(Alex: E.L. Doctorow's [*]. One category left. Two of you knew that, but you were afraid to ring in. It's too close.)

Ragtime

Triple Stumper
    $2000 20
moose (from morose)

Marty

Scores at the end of the Double Jeopardy! Round:

Marty Ken Jennifer
$15,200 $10,000 $10,000

[wagering suggestions for these scores]

Final Jeopardy! Round responses

FLAGS & BANNERS
JenniferWho is Joan of Arc?
$1,400
KenWho is Pope Pius XIII
$10,000
MartyWho was Joan of Arc?
$4,801
Joan of Arc

Final scores:

Marty Ken Jennifer
$20,001 $0 $11,400
2-day champion: $38,802 3rd place: $1,000 2nd place: $2,000

Game dynamics:

Coryat scores:

Marty Ken Jennifer
$14,400 $12,800 $10,000
18 R
(including 1 DD),
1 W
17 R
(including 1 DD),
3 W
(including 1 DD)
13 R,
2 W

Combined Coryat: $37,200

The J! Archive is created by fans, for fans. The Jeopardy! game show and all elements thereof, including but not limited to copyright and trademark thereto, are the property of Jeopardy Productions, Inc. and are protected under law. This website is not affiliated with, sponsored by, or operated by Jeopardy Productions, Inc. Join the discussion at JBoard.tv.